书目信息 |
| 题名: |
中国快递桐庐帮
|
|
| 作者: | 孙侃 著 | |
| 分册: | ||
| 出版信息: | 北京 红旗出版社 2014 |
|
| 页数: | 271页 | |
| 开本: | 23cm | |
| 丛书名: | ||
| 单 册: | ||
| 中图分类: | I253.3 , F632.3 | |
| 科图分类: | ||
| 主题词: | 报告文学--bao gao wen xue--中国--当代 , 邮件投递--you jian tou di--邮电企业--企业发展--研究--中国 | |
| 电子资源: | ||
| ISBN: | 978-7-5051-3257-3 | |
| 000 | 01415cam0 2200289 450 | |
| 001 | 012001009731 | |
| 005 | 20140103143818.0 | |
| 010 | @a978-7-5051-3257-3@dCNY36.00 | |
| 099 | @aCAL 012015001472 | |
| 100 | @a20150105d2014 em y0chiy50 ea | |
| 101 | 0 | @achi |
| 102 | @aCN@b110000 | |
| 105 | @aa z 000zy | |
| 106 | @ar | |
| 200 | 1 | @a中国快递桐庐帮@Azhong guo kuai di tong lu bang@e“三通一达”崛起之谜@f孙侃著 |
| 210 | @a北京@c红旗出版社@d2014 | |
| 215 | @a271页@c图@d23cm | |
| 314 | @a孙侃,报告文学作家,中国作家协会会员。迄今已出版长篇报告文学《大江壮歌》、《大爱无悔》、《我的心里有个魔鬼》、《烈火中的青春》,散文集《在俯瞰中放松》,文学经典重写本《史记故事》、《中国民间故事》等文学专著20余部,另在全国各地报刊发表小说、散文、文学评论等文学作品约300万字。 | |
| 330 | @a全书以桐庐籍快递企业的发展、壮大为线索,以文学笔调,生动、全面、系统、真实地叙述了桐庐籍快递企业的创业历程和发展成就,着重展现桐庐快递在中国经济发展和民生服务领域所发挥的不可替代的作用,展示和剖析了桐庐快递创业者敢闯敢试、不懈追索的气魄和不畏艰难、勇于创新的时代风采。 | |
| 517 | 1 | @a“三通一达”崛起之谜@A“ san tong yi da ” jue qi zhi mi |
| 606 | 0 | @a报告文学@Abao gao wen xue@y中国@z当代 |
| 606 | 0 | @a邮件投递@Ayou jian tou di@x邮电企业@x企业发展@x研究@y中国 |
| 690 | @aI253.3@v5 | |
| 690 | @aF632.3@v5 | |
| 701 | 0 | @a孙侃@Asun kan@4著 |
| 801 | 2 | @aCN@b上海新华@c20191020 |
| 905 | @b1189294-7@dI253.3@e1133@f4 | |
| 中国快递桐庐帮:“三通一达”崛起之谜/孙侃著.-北京:红旗出版社,2014 |
| 271页:图;23cm |
| ISBN 978-7-5051-3257-3:CNY36.00 |
| 全书以桐庐籍快递企业的发展、壮大为线索,以文学笔调,生动、全面、系统、真实地叙述了桐庐籍快递企业的创业历程和发展成就,着重展现桐庐快递在中国经济发展和民生服务领域所发挥的不可替代的作用,展示和剖析了桐庐快递创业者敢闯敢试、不懈追索的气魄和不畏艰难、勇于创新的时代风采。 |
| ● |
| 相关链接 |
|
|
|
|
正题名:中国快递桐庐帮
索取号:I253.3/1133
 
预约/预借
| 序号 | 登录号 | 条形码 | 馆藏地/架位号 | 状态 | 备注 |
| 1 | 1189294 | 211892941 | 第一样本阅览室/ [索取号:I253.3/1133] | 在馆 | |
| 2 | 1189295 | 211892950 | 第二借阅区/ [索取号:I253.3/1133] | 在馆 | |
| 3 | 1189296 | 211892969 | 第二借阅区/ [索取号:I253.3/1133] | 在馆 | |
| 4 | 1189297 | 211892978 | 第二借阅区/ [索取号:I253.3/1133] | 在馆 |